Statistics for Name the Disney Movie From a Song!

Click here to take the quiz!

General Stats

  • This quiz has been taken 36 times
  • The average score is 6 of 10

Answer Stats

Song LyricMovie% Correct
The snow glows white on the mountain tonightFrozen (Let It Go)
100%
Let's get down to businessMulan (I'll Make a Man Out of You)
80%
I can show you the worldAladdin (A Whole New World)
73%
I've been staring at the edge of the waterMoana (How Far I'll Go)
73%
I'm the strong one, I'm not nervousEncanto (Surface Pressure)
63%
It's 7 AM the usual morning lineupTangled (When Will My Life Begin?)
63%
I can see what's happening, and they don't have a clueLion King (Can You Feel the Love Tonight)
47%
I have often dreamed, of a far-off placeHercules (Go the Distance)
40%
Put your faith in what you most believe inTarzan (Two Worlds)
30%
Boys and girls of every ageNightmare Before Christmas (This is Halloween)
27%

Score Distribution

Percentile by Number Answered

Percent of People with Each Score

Your Score History

You have not taken this quiz